Szabadság és irodalom, avagy a sör, a tej, és a méz /

Elmentve itt :
Bibliográfiai részletek
Szerző: Panta Iustin
További közreműködők: Makfalvi Ildikó
Szegi Amondó Zoltán
Dokumentumtípus: Cikk
Megjelent: Pompeji Alapítvány Szeged 1993
Sorozat:Pompeji
Kulcsszavak:Román irodalom
Tárgyszavak:
Online Access:http://acta.bibl.u-szeged.hu/9141
LEADER 00769nab a2200229 i 4500
001 acta9141
005 20250521121929.0
008 161015s1993 hu o 000 hun d
022 |a 0865-5553 
040 |a SZTE Egyetemi Kiadványok Repozitórium  |b hun 
041 |a hun 
100 1 |a Panta Iustin 
245 1 0 |a Szabadság és irodalom, avagy  |h [elektronikus dokumentum] :  |b a sör, a tej, és a méz /  |c  Panta Iustin 
260 |a Pompeji Alapítvány  |b Szeged  |c 1993 
300 |a 45-53 
490 0 |a Pompeji 
650 4 |a Bölcsészettudományok 
650 4 |a Nyelvek és irodalom 
695 |a Román irodalom 
700 0 1 |a Makfalvi Ildikó 
700 0 2 |a Szegi Amondó Zoltán 
856 4 0 |u http://acta.bibl.u-szeged.hu/9141/1/pompeji_1993_003_004_045-053.pdf  |z Dokumentum-elérés